Television receiver servicing. Volume 2. Receiver And Power Supply Circuits.

Uložené v:
Podrobná bibliografia
Hlavný autor: Spreadbury, E. A. W.
Médium: Kniha
Jazyk:Slovak
Vydané: 1962.
Tagy: Pridať tag
Žiadne tagy, Buďte prvý kto otaguje tento záznam!

MARC

LEADER 00000nam a22000004a 4500
001 000528708
005 20161206094638.0
008 161206s1962 xo e 000 0 slo d
040 |a SVKKK  |b slo  |c SVKKK  |e AACR2 
100 1 |a Spreadbury, E. A. W. 
245 1 0 |a Television receiver servicing. Volume 2. Receiver And Power Supply Circuits. 
260 |c 1962. 
500 |a Záznam revízie 
910 |a svkkk 
998 |a BK 
090 |g SCKHL  |k Sklad Pribinova 2. posch.  |a X0.8052  |j 035062  |i 2720357445  |s Absenčne